Musical Instruments A-Z - Statistics

General Stats
  • This quiz has been taken 86 times
  • The average score is 14 of 26
Answer Stats
Hint Answer % Correct
B A Scottish woodwind instrument Bagpipes
87%
P One of the most played instruments in the world Piano
86%
O Often played in churches; like a piano but with more pedals and keys Organ
84%
S Commonly used to play jazz Saxophone
82%
V Sometimes known as a fiddle Violin
80%
A Sometimes referred to as a 'squeezebox' Accordion
78%
M An instrument played by shaking from Latin America Maracas
76%
T Not a square Triangle
76%
J Not just an instrument, but something you put water or milk in. Jug
75%
X Very similar to the answer for 'G' Xylophone
70%
D An instrument you hit with a stick to make noise Drums
67%
U Popularized in Hawaii Ukulele
66%
H The name for both a string instrument and a type of seal Harp
63%
C Handheld disks that look similar to a gong Cymbals
59%
K A simple instrument that makes a buzzing sound Kazoo
58%
W Also a noise you can make with your mouth Whistle
57%
L A string instrument from ancient Greece Lyre
55%
G A percussion instrument that literally means 'bell play' Glockenspiel
54%
R One of the earliest woodwind instruments Recorder
36%
F One of the most difficult instruments French Horn
33%
E Chinese spike fiddle Erhu
18%
N The more common name for a 'Humanatone' Nose Flute
7%
Y Percussion instrument in the shape of a tiger Yu
7%
I A two-stringed Tuvan musical instrument Igil
5%
Z Maltese Bagpipes Zaqq
4%
Q In the bugle family Quinticlave
3%
No matching quizzes found
Score Distribution
Percent of People with Each Score
Percentile by Number Answered
Your Score History
You have not taken this quiz